000 00226 a2200097 4500
001 19653
100 _aGavett J W
245 _aProduction & Operations Management
260 _a
_bHarcourt Brace
_c1968
090 _c14320
_d14320
942 _aNUST-CAE
_cM
_c4804
999 _c254726
_d254726